| 000 | 01071nam a22003497a 4500 | ||
|---|---|---|---|
| 005 | 20190916142314.0 | ||
| 008 | 190916b xxu||||| |||| 00| 0 spa d | ||
| 020 | _a9789586484513 | ||
| 041 | _aspa | ||
| 082 | _a658.1 M977t | ||
| 100 |
_aMurillo Vargas, Guillermo _955907 |
||
| 245 | _aTeorías clásicas de la organización y el management | ||
| 260 | _aColombia | ||
| 260 | _bEcoe Ediciones | ||
| 260 | _c2007 | ||
| 300 | _a428 páginas | ||
| 650 |
_aORGANIZACIONES _955908 |
||
| 650 |
_aPENSAMIENTO ADMINISTRATIVO _95522 |
||
| 650 |
_aADMINISTRACIÓN CIENTÍFICA _955909 |
||
| 650 |
_aTAYLORISMO _951712 |
||
| 650 |
_aFORDISMO _954022 |
||
| 650 |
_aADMINISTRACIÓN INDUSTRIAL _914890 |
||
| 650 |
_aHENRY FAYOL _955910 |
||
| 650 |
_aPROCESO ADMINISTRATIVO _955911 |
||
| 650 |
_aMAX WEBER _955912 |
||
| 650 |
_aDIRECCIÓN ADMINISTRATIVA BUROCRÁTICA _955913 |
||
| 650 |
_aELTON MAYO _955914 |
||
| 650 |
_aTEORÍAS DE LA MOTIVACIÓN _915916 |
||
| 650 |
_aTEORÍAS DEL LIDERAZGO _917960 |
||
| 650 |
_aTEORÍAS DEL COMPORTAMIENTO _919200 |
||
| 942 | _cBK | ||
| 999 |
_c12338 _d12338 |
||